1116 1891 1842 1022 1411 1895 1838 1698 1721 1468 1220 1064 1422 1495 1146 1374 1606 1343 1452 1425 1117 1366 1412 1998 1130 1997 1915 1799 1775 1948 1635 1184 1585 1688 1895 1901 1433 1967 1330 1979 1429 1812 1036 1680 1904 1733 1948 1778 1445 1570 1579 1351 1737 1857 1281 1528 1810 1053 1950 1657 1361 1392 1307 1842 1636 1092 1883 1226 1761 1687 1919 1751 1555 1575 1538 1358 1622 1207 1920 1681 1461 1771 1217 1963 1080 1018 1865 1728 1574 1925 1534 1010 1032 1084 1266 1508 1539 1070 1275 BCNSPRNW ULIB Ver.6.0+V

เปลี่ยนเป็นภาษาไทย

Change to English
 แสดงรายละเอียดบรรณานุกรม
  กลับหน้าหลัก

Brief Record : Get Marc (ISO 2709) : E-mail record : QR code < ปิดหน้าต่าง
LEADER : 00000nam 2200000uu 4500
001    13399123789
003     ULIB
008    141128s2556||||th 000 0 tha d
020    ^a9786169129042
060  4 ^aWJ300^bน672
245 00 ^aNephrology board review 2013 /^cบรรณาธิการ พงศธร คชเสนี,ธนันดา ตระการวนิช, เกรียงศักดิ์ วารีแสงทิพย์
250    ^aพิมพ์ครั้งที่ 1
260    ^aกรุงเทพฯ :^b[สมาคมโรคไตแห่งประเทศไทย],^c2556
300    ^av, 403 หน้า :^bภาพประกอบ
500    ^aหนังสือประกอบการประชุมวิชาการประจำปี 2556 Short Course inNephrology เรื่อง Nephrology Board Review Course 2013ในวันที่ 13-14 กรกฎาคม 2556 จัดโดย สมาคมโรคไตแห่งประเทศไทย
505 0  ^a--^tPrinciple of Sodium and Water Disorders --^tSolve the Puzzle of Potassium Disorders --^tStrategic Approach to Metabolic Acidosis and RTA --^tPractical Points of Metapolic Alkalosis --^tPitfalls in Menagement of Common Divalent lon Disorders --^tWhat the Intemists Should Know about Primary Glomerular Diseases --^tPractical Approach to Rapidly Progressive Glomerular Diseases --^tKidney Diseases in Pregnancy --^tupus Nephritis for Intemists --^tAcute Kidney Injury:2013 Update --^tToxic Nephropathy and Contrast-Induced Acute Kidney Injury --^tInvestigation and Option of Treatment for Renovascular Disease --^tCommon Cystic Kidney Diseases for Intemists --^tMedical Aspects fo Kidney Stones --^tNutrition and Kidney Disease --^tComprehensive Approach to Diabetic Kidney Disease
650  7 ^aโรคไต^xการวินิจฉัย
650  7 ^aโรคไต^xการรักษา
650  7 ^aไต^xโรค^xการวินิจฉัย
650  7 ^aไต^xโรค^xการรักษา
700 0  ^aพงศธร คชเสนี,^eบรรณาธิการ
700 0  ^aธนันดา ตระการวนิช,^eบรรณาธิการ
700 0  ^aเกรียงศักดิ์ วารีแสงทิพย์,^eบรรณาธิการ
710 2  ^aสมาคมโรคไตแห่งประเทศไทย
945    ^p500^l0^i22069
945    ^p500^l0^i22070
999    ^aทศพร เกษรทอง
รายการนี้ยังไม่มีแท็ก
คุณยังไม่ได้ล็อกอิน คุณสามารถมีกิจกรรมร่วมกับเว็บไซต์ได้ แต่ต้องล็อกอินก่อน ::
  ล็อกอิน

รายการสื่อสารสนเทศ

ลำดับที่ ประเภท เลขเรียก/บาร์โค้ด สถานที่ สถานะ
1. วิทยาศาสตร์การแพทย์ และสุขภาพ
หนังสือสำรอง
สถานะ=หนังสือสำรอง
WJ300 น672 ฉ.1 
  Barcode: 22069
ห้องสมุดวิทยาเขตนครสวรรค์
►หนังสือทั่วไป:l:General Books
บนชั้น
2. วิทยาศาสตร์การแพทย์ และสุขภาพ
วิทยาศาสตร์การแพทย์ และสุขภาพ
WJ300 น672 ฉ.2 
  Barcode: 22070
ห้องสมุดวิทยาเขตนครสวรรค์
►หนังสือทั่วไป:l:General Books
บนชั้น

รายการใกล้เคียง
    หัวเรื่อง [ไต โรค การวินิจฉัย]
    หัวเรื่อง [ไต โรค การรักษา]

BibComment


ยังไม่เคยถูกคอมเมนท์

คอมเมนท์ทรัพยากรรายการนี้
  คอมเมนท์: Nephrology board..


 Copyright 2026. Bcnsprnw @Library